| Tag |
First Indicator |
Second Indicator |
Subfields |
| LEADER |
00000cam a22000008a 4500 |
| 001 |
in00000578721 |
| 005 |
20151014085833.0 |
| 008 |
860428s1987 nyu 00011 eng |
| 010 |
|
|
|a 86010128
|
| 020 |
|
|
|a 039455647X :
|c $25.00
|
| 035 |
|
|
|a (OCoLC)13580909
|
| 035 |
|
|
|9 ACQ6103AM
|
| 040 |
|
|
|a DLC
|c DLC
|d m/c
|d TXA
|d UtOrBLW
|
| 049 |
|
|
|a TXAM
|c [A10742009]
|
| 050 |
0 |
0 |
|a PS3505.A59
|b A6 1986
|
| 082 |
0 |
|
|a 813/.54
|2 19
|
| 090 |
|
|
|a PS3505.A59
|b A6 1987
|
| 100 |
1 |
|
|a Capote, Truman,
|d 1924-1984.
|
| 240 |
1 |
0 |
|a Works.
|k Selections.
|f 1986
|
| 245 |
1 |
2 |
|a A Capote reader /
|c Truman Capote.
|
| 250 |
|
|
|a 1st ed.
|
| 263 |
|
|
|a 8610
|
| 264 |
|
1 |
|a New York :
|b Random House,
|c [1987]
|
| 264 |
|
4 |
|c ©1987
|
| 300 |
|
|
|a viii, 722 pages
|
| 336 |
|
|
|a text
|b txt
|2 rdacontent
|
| 337 |
|
|
|a unmediated
|b n
|2 rdamedia
|
| 338 |
|
|
|a volume
|b nc
|2 rdacarrier
|
| 999 |
|
|
|a MARS
|
| 999 |
f |
f |
|s 08292606-c217-3bcf-80e5-6a74eb7562c6
|i 8a469699-0e35-3f5c-9b5e-8cfafebdbb91
|t 0
|
| 952 |
f |
f |
|p ric
|a Texas A&M University
|b Rellis Campus
|c Joint Library Facility
|d Remote Storage
|t 0
|e PS3505.A59 A6 1987
|h Library of Congress classification
|i unmediated -- volume
|m A14810742009
|
| 998 |
f |
f |
|a PS3505.A59 A6 1987
|t 0
|l Remote Storage
|